Teoreticko-praktický rozbor syntakticko-sémantických inovácií jazyka C++ podľa štandardu C++0x diplomová práca

Na minha lista:
Detalhes bibliográficos
Autor principal: Spodniak, Martin
Autor Corporativo: Fakulta hospodárskej informatiky EU. Katedra aplikovanej informatiky
Outros Autores: Hanák, Ján
Formato: Livro
Idioma:eslovaco
Publicado em: Bratislava 2011
Tags: Adicionar Tag
Sem tags, seja o primeiro a adicionar uma tag!

MARC

LEADER 00000nbm a2200000 4500
001 0140907
005 20161109101959.0
041 0 |a slo 
044 |a SK 
245 1 0 |a Teoreticko-praktický rozbor syntakticko-sémantických inovácií jazyka C++ podľa štandardu C++0x  |b diplomová práca  |c Martin Spodniak ; školiteľ: Ján Hanák 
264 1 |a Bratislava  |c 2011 
300 |a 69 s. 
100 1 |a Spodniak, Martin 
700 1 |a Hanák, Ján 
710 2 |a Fakulta hospodárskej informatiky EU. Katedra aplikovanej informatiky